Simulation of the Undiseased Human Cardiac Ventricular Action Potential Model Formulation and Experimental Validation /

Elmentve itt :
Bibliográfiai részletek
Szerzők: O’Hara Thomas
Virág László
Varró András
Rudy Yoram
Dokumentumtípus: Cikk
Megjelent: Public Library of Science 2011
Sorozat:PLoS Computational Biology 7 No. 5
mtmt:doi: 10.1371/journal.pcbi.1002061
mtmt:1599254
Online Access:http://publicatio.bibl.u-szeged.hu/415
LEADER 00881nab a2200229 i 4500
001 publ415
005 20180702080451.0
008 120424s2011 hu o 0|| zxx d
022 |a 1553-734X 
024 7 |a doi: 10.1371/journal.pcbi.1002061  |2 doi 
024 7 |a 1599254  |2 mtmt 
040 |a SZTE Publicatio Repozitórium  |b hun 
041 |a zxx 
100 1 |a O’Hara Thomas 
245 1 0 |a Simulation of the Undiseased Human Cardiac Ventricular Action Potential  |h [elektronikus dokumentum] :  |b Model Formulation and Experimental Validation /  |c  O’Hara Thomas 
260 |a Public Library of Science  |c 2011 
300 |a Azonosító: e1002061-Terjedelem: 29. p. 
490 0 |a PLoS Computational Biology  |v 7 No. 5 
700 0 1 |a Virág László  |e aut 
700 0 1 |a Varró András  |e aut 
700 0 1 |a Rudy Yoram  |e aut 
856 4 0 |u http://publicatio.bibl.u-szeged.hu/415/1/Ohara2011.pdf  |z Dokumentum-elérés